000 00729nam a2200277Ia 4500
005 20260324134831.0
008 008 260324s9999 xx 000 0 eng d
020 _a9781003059523
037 _aEBOOK
040 _aCRL
040 _beng
040 _cCRL
041 _2eng
041 _aeng
084 _qCRL
100 _aNancy Beck Young
_91198341
245 0 _aM.E.Sharpe Library of Franklin D.Roosevelt Studies: v. 1: Franklin D.Roosevelt and the Shaping of American Political Culture
260 _bTaylor and Francis
260 _c2001
365 _a
365 _b185
856 _uhttp://www.taylorfrancis.com/books/9781003059523
942 _cEBOOK
999 _c1798795
_d1798795